| 000 | 00409nam a22001697a 4500 | ||
|---|---|---|---|
| 003 | MACL | ||
| 005 | 20160119182418.0 | ||
| 008 | 160119b xxu||||| |||| 00| 0 eng d | ||
| 040 | _cMACL | ||
| 041 | _aEnglish | ||
| 082 | _a001/GUP | ||
| 100 |
_aGupta's R. _933421 |
||
| 245 | _aGeneral Knowledge At A Glance | ||
| 260 |
_aNew Delhi _bRamesh Publiishing |
||
| 650 |
_aGeneralisim _933422 |
||
| 942 |
_2ddc _cBK |
||
| 999 |
_c52807 _d52807 |
||